Electrochemistry, sensors and analysis : (Record no. 157425)

MARC details
000 -LEADER
fixed length control field 01108nam a2200265 a 4500
008 - FIXED-LENGTH DATA ELEMENTS--GENERAL INFORMATION
fixed length control field
020 ## - INTERNATIONAL STANDARD BOOK NUMBER
International Standard Book Number 0444427198 (hbk.)
049 ## - LOCAL HOLDINGS (OCLC)
Holding library MAIN
090 0# - LOCALLY ASSIGNED LC-TYPE CALL NUMBER (OCLC); LOCAL CALL NUMBER (RLIN)
Classification number (OCLC) (R) ; Classification number, CALL (RLIN) (NR) QD115 INT
003 - CONTROL NUMBER IDENTIFIER
control field
005 - DATE AND TIME OF LATEST TRANSACTION
control field 20230123133941.0
040 ## - CATALOGING SOURCE
Transcribing agency NUST
111 2# - MAIN ENTRY--MEETING NAME
Meeting name or jurisdiction name as entry element International Conference "Electroanalysis na h'Eireann"
Date of meeting or treaty signing (1986 :
Location of meeting Dublin, Ireland)
245 10 - TITLE STATEMENT
Title Electrochemistry, sensors and analysis :
Remainder of title proceedings of the International Conference "Electroanalysis na h'Eireann," Dublin, Ireland, June 10-12, 1986 /
Statement of responsibility, etc. edited by Malcolm R. Smyth and Johannes G. Vos.
260 ## - PUBLICATION, DISTRIBUTION, ETC.
Place of publication, distribution, etc. Amsterdam :
Name of publisher, distributor, etc. Distributors for the U.S. and Canada, Elsevier Science Pub. Co.,
Date of publication, distribution, etc. 1986.
300 ## - PHYSICAL DESCRIPTION
Extent xviii, 419 p. :
Other physical details ill. ;
Dimensions 25 cm.
440 ## - SERIES STATEMENT/ADDED ENTRY--TITLE
Title Analytical chemistry symposia series ;
Volume/sequential designation v. 25.
504 ## - BIBLIOGRAPHY, ETC. NOTE
Bibliography, etc. note Includes bibliographical references.
650 #0 - SUBJECT ADDED ENTRY--TOPICAL TERM
Topical term or geographic name entry element Electrochemical analysis
General subdivision Congresses.
650 #0 - SUBJECT ADDED ENTRY--TOPICAL TERM
Topical term or geographic name entry element Electrochemical analysis
General subdivision Instruments
-- Congresses.
700 1# - ADDED ENTRY--PERSONAL NAME
Personal name Smyth, Malcolm R.
700 1# - ADDED ENTRY--PERSONAL NAME
Personal name Vos, Johannes G.
907 ## - LOCAL DATA ELEMENT G, LDG (RLIN)
a .b10150857
b 16-08-07
c 07-02-05
942 ## - ADDED ENTRY ELEMENTS (KOHA)
Koha item type Ordinary Loan Books
Call number prefix QD115 INT
Holdings
Date last seen Total Checkouts Full call number Barcode Cost, replacement price Price effective from Koha item type Lost status Source of classification or shelving scheme Damaged status Not for loan Collection Withdrawn status Home library Current library Shelving location Date acquired Cost, normal purchase price
01/23/2023   QD115 INT 92003035460 80.00 01/23/2023 BOOKS   LCC     NFIC   MAIN MAIN GEN 01/23/2023 80.00